| 000 | 00753nam a22002897a 4500 | ||
|---|---|---|---|
| 003 | OSt | ||
| 005 | 20230706135403.0 | ||
| 008 | 221006b |||||||| |||| 00| 0 eng d | ||
| 040 | _cBiblioteca Lado V | ||
| 082 |
_a700 _bA663m |
||
| 100 |
_9877 _aAraújo, Walo _eeditor |
||
| 245 | _aMogo/ | ||
| 260 |
_c2002 _bZetta iMPRESIONES _aPanama |
||
| 300 |
_c16x20cm _a66p. |
||
| 490 |
_v2002 _x0864-0491 _a04 |
||
| 505 | _aII Fichas | ||
| 505 | _a26 Nodo 5.5 | ||
| 505 | _a41 Cercanias | ||
| 505 | _aEfecto invernadero | ||
| 505 | _aFoto Septiembre | ||
| 505 | _aTropico Utopico | ||
| 505 | _aAgenda | ||
| 505 | _aDatos y Contactos | ||
| 505 | _aDistribucion | ||
| 505 | _aMogoscopio | ||
| 942 |
_2ddc _c1 _h700 _iA663m _n0 |
||
| 999 |
_c4005 _d4005 |
||